Fratries dans le football part.2 - Statistiques

Statistiques générales
  • Ce quiz a été pris 25 fois
  • Le résultat moyen est 3 sur 12
Statistiques - réponses
Saison Club (frère 1) Saison Club (frère 2) Réponse % Correct
24/25 Paris Saint Germain 24/25 Strasbourg Doué
85%
22/23 Liverpool 20/21 Paris Saint Germain Alcantara & Rafinha
50%
24/25 Arsenal 23/24 Feyenoord Timber
40%
09/10 AC Milan 08/09 Lazio Rome Inzaghi
25%
08/09 Man. United 11/12 Everton Neville
15%
24/25 AC Milan 24/25 Zwolle Reijnders
15%
96/97 Ajax Amsterdam 96/97 Ajax Amsterdam de Boer
10%
10/11 Man. United 09/10 Sunderland Ferdinand
5%
24/25 Man. United 25/26 Eintracht Francfort Hojlund
5%
19/20 Olympique de Marseille 18/19 Charleroi Mandanda
5%
21/22 Liverpool 17/18 FC Ingolstadt Matip
5%
25/26 Everton 24/25 Preston Keane
0%
Aucun quiz correspondant
Distribution des résultats
% des personnes avec chaque résultat
Percentile par nombre de réponses
Votre historique - résultats
Vous n’avez pas pris ce quiz